| 000 | 00736pam a2200265 a 4500 | ||
|---|---|---|---|
| 001 | 2436390 | ||
| 003 | NUST - PNEC | ||
| 005 | 20170116181141.0 | ||
| 008 | 880517s1989 nyua b 001 0 eng | ||
| 010 | _a 88009051 | ||
| 020 |
_a007062982X : _c$44.95 |
||
| 040 | _cLIBRARY | ||
| 050 | 0 | 0 | _b.B58 1989 |
| 082 | 0 | 0 |
_a658.152 BLA _219 |
| 100 | 1 | _aBlank, Leland T. | |
| 245 | 1 | 0 |
_aEngineering economy / _cLeland T. Blank, Anthony J. Tarquin. |
| 250 | _a3rd ed. | ||
| 260 |
_aNew York : _bMcGraw-Hill, _cc1989. |
||
| 300 |
_axviii, 531 p. : _bill. ; _c25 cm. |
||
| 500 | _aIncludes index. | ||
| 504 | _aBibliography: p. 521-522. | ||
| 650 | 0 |
_aEngineering economy. _xMIS |
|
| 700 | 1 | _aTarquin, Anthony J. | |
| 942 |
_2ddc _cBK |
||
| 999 |
_c70506 _d70506 |
||